[Event "CHN-ch U16"]
[Site "Shanghai"]
[Date "2024.02.17"]
[Round "3"]
[White "Jiao, Zhaorui"]
[Black "Gong, Sunle"]
[Result "0-1"]
[WhiteElo "1634"]
[BlackElo "2108"]
[PlyCount "160"]
[EventDate "2024.02.16"]
[EventType "swiss"]
[EventRounds "11"]
[EventCountry "CHN"]
[SourceTitle "CB09_2024"]
[SourceDate "2024.02.28"]
[SourceVersion "1"]
[SourceVersionDate "2024.02.28"]
[SourceQuality "1"]

1. Nf3 Nf6 2. c4 c5 3. Nc3 d5 4. cxd5 Nxd5 5. g3 Nc6 6. Bg2 Nc7 7. d3 e5 8. 0-0 Be7 9. a3 0-0 10. Rb1 Be6 11. Nd2 Nd5 12. Nxd5 Bxd5 13. Nf3 f6 14. Bd2 a5 15. b3 Qd7 16. Be3 Rac8 17. a4 b6 18. Nd2 Nd4 19. Bxd5+ Qxd5 20. Nc4 Qe6 21. Bd2 Bd8 22. Bc3 Bc7 23. e3 Nc6 24. Qe2 Rcd8 25. Rbd1 Rd7 26. Rd2 Rfd8 27. Rfd1 Qf5 28. Kg2 Qg6 29. Qf3 Ne7 30. Qe2 h5 31. Kh1 Kh7 32. Qf3 Nd5 33. Bb2 Nb4 34. e4 Qg4 35. Kg2 Rxd3 36. Rxd3 Qxf3+ 37. Kxf3 Rxd3+ 38. Rxd3 Nxd3 39. Ba3 Ne1+ 40. Ke2 Nc2 41. Kd3 Nd4 42. Nd2 Kg6 43. Kc4 Kf7 44. Kd5 Ke7 45. Bb2 Kd7 46. Bxd4 cxd4 47. Nc4 g5 48. f3 g4 49. fxg4 hxg4 50. Nb2 Bd6 51. Nd3 Bc5 52. Nf2 d3 53. Nxd3 Be3 54. Kc4 Ke6 55. b4 f5 56. bxa5 bxa5 57. exf5+ Kxf5 58. Kd5 e4 59. Ne1 Ba7 60. Kc4 Bg1 61. Ng2 Bxh2 62. Ne3+ Kg5 63. Kd4 Bxg3 64. Kxe4 Bf2 65. Ng2 Ba7 66. Ke5 Bc5 67. Ke4 Bb6 68. Ke5 g3 69. Ke4 Kg4 70. Ne1 Kh3 71. Kf3 Kh2 72. Ng2 Bc5 73. Nf4 Bb4 74. Ng2 Bd2 75. Nh4 Kh3 76. Ng2 Bh6 77. Ne1 Bg5 78. Nd3 Bd2 79. Ke2 g2 80. Nf2+ Kh4 0-1

[Event "Hohhot National op"]
[Site "Hohhot"]
[Date "2023.12.22"]
[Round "6"]
[White "Gong, Sunle"]
[Black "Zhang, Haoxuan"]
[Result "1-0"]
[WhiteElo "2175"]
[BlackElo "1562"]
[PlyCount "43"]
[EventDate "2023.12.20"]
[EventType "swiss"]
[EventRounds "9"]
[EventCountry "CHN"]
[SourceTitle "CB52_2023"]
[SourceDate "2023.12.27"]
[SourceVersion "1"]
[SourceVersionDate "2023.12.27"]
[SourceQuality "1"]

1. d4 d5 2. c4 c6 3. Nc3 Nf6 4. Nf3 e6 5. e3 Nbd7 6. Qc2 Bd6 7. Be2 0-0 8. 0-0 dxc4 9. Bxc4 a6 10. a4 c5 11. dxc5 Bxc5 12. Rd1 Qc7 13. Ne4 Nxe4 14. Qxe4 Nf6 15. Qh4 Bd7 16. b3 Be7 17. Bb2 Nd5 18. Qh5 Bf6 19. Be5 Bxe5 20. Qxe5 Bc6 21. Rxd5 Qxe5 22. Rxe5 1-0

[Event "Tianjin Binhai Cup 2nd"]
[Site "Tianjin"]
[Date "2020.01.13"]
[Round "2"]
[White "Gong, Sunle"]
[Black "Shao, Ziyang B"]
[Result "1/2-1/2"]
[WhiteElo "1860"]
[BlackElo "1464"]
[PlyCount "139"]
[EventDate "2020.01.13"]
[EventType "swiss"]
[EventRounds "9"]
[EventCountry "CHN"]
[SourceTitle "CBM 194 Extra"]
[Source "ChessBase"]
[SourceDate "2020.03.31"]
[SourceVersion "1"]
[SourceVersionDate "2020.03.31"]
[SourceQuality "1"]

1. d4 Nf6 2. c4 g6 3. f3 Bg7 4. e4 d6 5. Nc3 0-0 6. Be3 e5 7. Nge2 Nc6 8. d5 Ne7 9. g4 h5 10. h3 a6 11. Qd2 Bd7 12. Bg5 Nh7 13. Bh6 h4 14. Be3 b5 15. c5 dxc5 16. Bxc5 g5 17. Rd1 Bc8 18. Nc1 Re8 19. b4 Ng6 20. Nb3 Qf6 21. Qe3 Qf4 22. Ne2 Qf6 23. Rh2 Bf8 24. Rc1 Bd6 25. Rf2 Nhf8 26. Na5 Nd7 27. Bxd6 Qxd6 28. a3 Qb6 29. Qxg5 c5 30. dxc6 Ndf8 31. Nc3 Ne6 32. Qd2 Rd8 33. Nd5 Qd4 34. Qxd4 Nxd4 35. Nb6 Ra7 36. c7 Re8 37. Nc6 Rxc7 38. Nd5 Rxc6 39. Rxc6 Nxc6 40. Nf6+ Kf8 41. Nxe8 Kxe8 42. Rc2 Kd7 43. Kf2 Kd6 44. Ke3 Be6 45. Rc5 Nf4 46. Rc1 Ng6 47. Rd1+ Nd4 48. Rd2 Bc4 49. Rd1 Bxf1 50. Rxf1 Nf4 51. Rh1 Kc6 52. Rc1+ Kb6 53. Rc5 Nc6 54. Rc1 Nxh3 55. g5 Nf4 56. Rd1 Nd4 57. Kf2 a5 58. Rd2 Nh3+ 59. Ke3 Nxg5 60. f4 exf4+ 61. Kxf4 Ngf3 62. Rd1 axb4 63. axb4 h3 64. e5 h2 65. Rh1 Kc6 66. Ke4 Kd7 67. Ke3 Ke6 68. Ke4 f5+ 69. exf6 Kxf6 70. Rxh2 1/2-1/2

[Event "Belt and Road Hunan op-C"]
[Site "Changsha"]
[Date "2019.08.02"]
[Round "8"]
[White "Gong, Sunle"]
[Black "Taavoni, Rahim"]
[Result "1/2-1/2"]
[WhiteElo "1737"]
[BlackElo "1991"]
[PlyCount "80"]
[EventDate "2019.07.29"]
[EventType "swiss"]
[EventRounds "9"]
[EventCountry "CHN"]
[SourceTitle "EXT 2020"]
[Source "ChessBase"]
[SourceDate "2019.10.17"]
[SourceVersion "1"]
[SourceVersionDate "2019.10.17"]
[SourceQuality "1"]

1. d4 Nf6 2. c4 e6 3. Nc3 Bb4 4. Qc2 d5 5. a3 Bxc3+ 6. Qxc3 c5 7. dxc5 d4 8. Qc2 Nc6 9. b4 e5 10. Bb2 0-0 11. Rd1 Qc7 12. Nf3 Bg4 13. h3 Bh5 14. Nh4 a5 15. Qb3 Ne7 16. g3 Rac8 17. Bg2 axb4 18. axb4 b6 19. cxb6 Qxc4 20. Qxc4 Rxc4 21. Rc1 Rxc1+ 22. Bxc1 Rb8 23. b7 e4 24. g4 Bg6 25. g5 Nfd5 26. Nxg6 hxg6 27. Bxe4 Rxb7 28. Bd2 Rb6 29. 0-0 Nxb4 30. Rb1 Ned5 31. Bxd5 Nxd5 32. Rxb6 Nxb6 33. Kg2 f5 34. Bb4 Nd5 35. Bd6 Nc3 36. Kf3 Ne4 37. Bf4 Kf7 38. h4 Ke6 39. Bc1 Kd5 40. Ba3 Nc5 1/2-1/2